00322nam a2200133Ia 4500003000400000005001700004008004100021040001800062041000800080100004100088110001800129245002100147260002000168OSt20230601113031.0211028s2013 xx 000 0 und d cAIMIT LIBRARY aeng aJose, Remya; Nausheeda, B S.e111926 aNausheeda B S aLeafySea dragon. aMangalorec2013